<?xml version="1.0" encoding="UTF-8"?>
<record
    xmlns:xsi="http://www.w3.org/2001/XMLSchema-instance"
    xsi:schemaLocation="http://www.loc.gov/MARC21/slim http://www.loc.gov/standards/marcxml/schema/MARC21slim.xsd"
    xmlns="http://www.loc.gov/MARC21/slim">

  <leader>00892naa a22001817i 4500</leader>
  <controlfield tag="001">7803</controlfield>
  <controlfield tag="003">KOSZ 005</controlfield>
  <controlfield tag="005">20171213102057.0</controlfield>
  <controlfield tag="008">160308s2010        |||f| ||||1|| 0 ger  </controlfield>
  <datafield tag="035" ind1=" " ind2=" ">
    <subfield code="a">PBN-R:362912</subfield>
  </datafield>
  <datafield tag="040" ind1=" " ind2=" ">
    <subfield code="c">KOSZ 005/md</subfield>
    <subfield code="a">PBN-ID</subfield>
    <subfield code="d">KOSZ 005/EG</subfield>
    <subfield code="d">KOSZ 005/HR</subfield>
  </datafield>
  <datafield tag="041" ind1="0" ind2=" ">
    <subfield code="a">ger</subfield>
  </datafield>
  <datafield tag="100" ind1="1" ind2=" ">
    <subfield code="a">MRO&#x17B;EWSKA, Anna.</subfield>
    <subfield code="d">2004 - .</subfield>
    <subfield code="b">Politechnika Koszali&#x144;ska - Instytut Neofilologii i Komunikacji Spo&#x142;ecznej,</subfield>
    <subfield code="c">Zak&#x142;ad Filologii Germa&#x144;skiej</subfield>
  </datafield>
  <datafield tag="245" ind1="1" ind2="0">
    <subfield code="a"> &#x201E;Ich finde in der Menschennatur eine entsetzliche Gleichheit.&#x201C; Georg B&#xFC;chners emanzipatorisches Gedankengut /</subfield>
    <subfield code="c">Anna Mro&#x17C;ewska.</subfield>
  </datafield>
  <datafield tag="655" ind1=" " ind2="0">
    <subfield code="a">Materia&#x142;y konferencyjne</subfield>
  </datafield>
  <datafield tag="773" ind1="0" ind2=" ">
    <subfield code="i">W:</subfield>
    <subfield code="t">Wsch&#xF3;d - Zach&#xF3;d : dialog kultur : Studien zur Sprache und Literatur / pod red. Marioli Smoli&#x144;skiej i Barbary Widawskiej. -</subfield>
    <subfield code="d">S&#x142;upsk : Wydaw. Naukowe Akademii Pomorskiej, 2010. -</subfield>
    <subfield code="g">s. 152-156</subfield>
    <subfield code="z">9788374671446</subfield>
  </datafield>
  <datafield tag="942" ind1=" " ind2=" ">
    <subfield code="c">ROZ</subfield>
    <subfield code="2">UKD</subfield>
  </datafield>
  <datafield tag="999" ind1=" " ind2=" ">
    <subfield code="c">7803</subfield>
    <subfield code="d">7803</subfield>
  </datafield>
</record>
